Detalles MARC
| 000 -LEADER |
| campo de control de longitud fija |
00772nam a2200253Ia 4500 |
| 005 - FECHA Y HORA DE LA ÚLTIMA TRANSACCIÓN |
| campo de control |
20250425161915.0 |
| 008 - DATOS DE LONGITUD FIJA--INFORMACIÓN GENERAL |
| campo de control de longitud fija |
250425s9999 xx 000 0 und d |
| 020 ## - NÚMERO INTERNACIONAL ESTÁNDAR DEL LIBRO |
| Número Internacional Estándar del Libro |
9567106044 |
| 041 ## - CÓDIGO DE IDIOMA |
| Código de lengua del texto/banda sonora o título independiente |
spa |
| 043 ## - CÓDIGO DE ÁREA GEOGRÁFICA |
| Código de área geográfica |
cl |
| 082 ## - NÚMERO DE LA CLASIFICACIÓN DECIMAL DEWEY |
| Número de clasificación |
378.19 |
| 010 ## - NÚMERO DE CONTROL DE LA BIBLIOTECA DEL CONGRESO |
| Número de control de LC |
34531 |
| 100 ## - ENTRADA PRINCIPAL--NOMBRE DE PERSONA |
| Nombre de persona |
CENTRO INTERUNIVERSITARIO DE DESARROLLO, CINDA |
| 245 #0 - MENCIÓN DEL TÍTULO |
| Título |
INNOVACION EN LA EDUCACION UNIVERSITARIA EN AMERICA LATINA: MODELOS Y CASOS |
| 250 ## - MENCION DE EDICION |
| Mención de edición |
1A ED. |
| 260 ## - PUBLICACIÓN, DISTRIBUCIÓN, ETC. |
| Lugar de publicación, distribución, etc. |
Chile |
| Nombre del editor, distribuidor, etc. |
CENTRO INTERUNIVERSITARIO DE DESARROLLO |
| Fecha de publicación, distribución, etc. |
1993 |
| 260 ## - PUBLICACIÓN, DISTRIBUCIÓN, ETC. |
| Lugar de publicación, distribución, etc. |
SANTIAGO DE CHILE |
| Nombre del editor, distribuidor, etc. |
CENTRO INTERUNIVERSITARIO DE DESARROLLO |
| 300 ## - DESCRIPCIÓN FÍSICA |
| Extensión |
275 |
| 650 ## - PUNTO DE ACCESO ADICIONAL DE MATERIA--TÉRMINO DE MATERIA |
| Término de materia o nombre geográfico como elemento de entrada |
EDUCACION SUPERIOR-AMERICA LATINA |
| 650 ## - PUNTO DE ACCESO ADICIONAL DE MATERIA--TÉRMINO DE MATERIA |
| Término de materia o nombre geográfico como elemento de entrada |
INNOVACIONES EDUCATIVAS |
| 650 ## - PUNTO DE ACCESO ADICIONAL DE MATERIA--TÉRMINO DE MATERIA |
| Término de materia o nombre geográfico como elemento de entrada |
INNOVACIONES TECNOLOGICAS |
| 710 ## - ENTRADA AGREGADA--NOMBRE DE ENTIDAD CORPORATIVA |
| Nombre de entidad corporativa o nombre de jurisdicción como elemento de entrada |
UNESCO-CINDA |
| 942 ## - ELEMENTOS DE ENTRADA SECUNDARIOS (KOHA) |
| Tipo de ítem Koha |
Libros |